000 01196nam a2200301Ia 4500
001 ebr10308041
003 CaPaEBR
006 m u
007 cr cn|||||||||
008 081107s2009 mau sb 001 0 eng d
010 _z 2008047932
020 _z9781405126342 (hardcover : alk. paper)
020 _z9781405126359 (pbk. : alk. paper)
040 _aCaPaEBR
_cCaPaEBR
035 _a(OCoLC)647809519
050 1 4 _aPN57.H4
_bM34 2009eb
100 1 _aMaguire, Laurie E.
245 1 0 _aHelen of Troy
_h[electronic resource] :
_bfrom Homer to Hollywood /
_cLaurie Maguire.
260 _aMalden, MA :
_bWiley-Blackwell,
_c2009.
300 _axviii, 258 p.
504 _aIncludes bibliographical references and index.
533 _aElectronic reproduction.
_bPalo Alto, Calif. :
_cebrary,
_d2009.
_nAvailable via World Wide Web.
_nAccess may be limited to ebrary affiliated libraries.
650 0 _aHelen of Troy (Greek mythology) in literature.
650 0 _aMythology, Greek.
655 7 _aElectronic books.
_2local
710 2 _aebrary, Inc.
856 4 0 _uhttp://site.ebrary.com/lib/rucke/Doc?id=10308041
_zAn electronic book accessible through the World Wide Web; click to view
999 _c61496
_d61496